000 00690nam a22002057a 4500
999 _c20506
_d20506
003 AR-CdUCM
008 190530b ||||| |||| 00| 0 spa d
040 _aMUNICIPALIDAD PROVINCIAL DEL CUSCO
_cBIBLIOTECA MUNICIPAL DEL CUSCO
082 _a869.33 /
_bS41
100 _aSepulveda Leyton, Carlos
_942860
245 _aLa fábrica /
260 _aSantiago de Chile :
_bErcilla,
_c1935.
300 _a165 páginas ;
_c22 cm.
505 _aContenido : Literatura chilena -- Sepulveda es maestro de escuela -- El drama que pinta es el drama que ha vivido...
650 _aNovela chilena
_99974
650 _aLiteratura
_983
650 _aDrama
_9560
942 _2ddc
_cLIBROS
945 _aandy